Emotional and behavioural difficulties : (Record no. 30604)
[ view plain ]
| 000 -LEADER | |
|---|---|
| fixed length control field | 01190pam a2200325 a 4500 |
| 001 - CONTROL NUMBER | |
| control field | 30604 |
| 003 - CONTROL NUMBER IDENTIFIER | |
| rucl marc code | BD-RjUL |
| 005 - DATE AND TIME OF LATEST TRANSACTION | |
| control field | 20211209051604.0 |
| 008 - FIXED-LENGTH DATA ELEMENTS--GENERAL INFORMATION | |
| fixed length control field | 930614r19951994enk b 001 0 eng |
| 020 ## - INTERNATIONAL STANDARD BOOK NUMBER | |
| International Standard Book Number | 0415071984 |
| International Standard Book Number | 0415071992 (pbk.) |
| 035 ## - SYSTEM CONTROL NUMBER | |
| System control number | (BD-RjUL) |
| 040 ## - CATALOGING SOURCE | |
| Original cataloging agency | DLC |
| Transcribing agency | DLC |
| Modifying agency | DLC |
| -- | BD-RjUL |
| Language of cataloging | eng |
| 041 ## - LANGUAGE CODE | |
| Language code of text/sound track or separate title | eng |
| 082 00 - DEWEY DECIMAL CLASSIFICATION NUMBER | |
| Classification number | 371.930941 |
| Edition number | 20 |
| Author mark and year | COE 1995 |
| 100 1# - MAIN ENTRY--PERSONAL NAME | |
| Personal name | Cooper, Paul, |
| Dates associated with a name | 1955- |
| 9 (RLIN) | 92973 |
| 245 10 - TITLE STATEMENT | |
| Title | Emotional and behavioural difficulties : |
| Remainder of title | theory to practice / |
| Statement of responsibility, etc. | Paul Cooper, Colin J. Smith, and Graham Upton. |
| 260 ## - PUBLICATION, DISTRIBUTION, ETC. (IMPRINT) | |
| Place of publication, distribution, etc. | London ; |
| -- | New York : |
| Name of publisher, distributor, etc. | Routledge, |
| Date of publication, distribution, etc. | 1994 [reprinted 1995] |
| 300 ## - PHYSICAL DESCRIPTION | |
| Pagination | vi, 210 p. ; |
| Size | 23 cm. |
| 504 ## - BIBLIOGRAPHY, ETC. NOTE | |
| Bibliography, etc | Includes bibliographical references (p. 191-201) and indexes. |
| 650 #0 - SUBJECT ADDED ENTRY--TOPICAL TERM | |
| Topical term or geographic name as entry element | Problem children |
| General subdivision | Education |
| Geographic subdivision | Great Britain. |
| 9 (RLIN) | 92974 |
| Topical term or geographic name as entry element | Behavior modification |
| Geographic subdivision | Great Britain. |
| 9 (RLIN) | 92975 |
| Topical term or geographic name as entry element | Classroom management |
| Geographic subdivision | Great Britain. |
| 9 (RLIN) | 92976 |
| 700 1# - ADDED ENTRY--PERSONAL NAME | |
| Personal name | Smith, Colin, |
| Dates associated with a name | 1938- |
| Personal name | Upton, Graham, |
| Dates associated with a name | 1944- |
| 856 42 - ELECTRONIC LOCATION AND ACCESS | |
| Materials specified | Publisher description |
| Uniform Resource Identifier | <a href="http://www.loc.gov/catdir/enhancements/fy0648/93025943-d.html">http://www.loc.gov/catdir/enhancements/fy0648/93025943-d.html</a> |
| 942 ## - ADDED ENTRY ELEMENTS (KOHA) | |
| Source of classification or shelving scheme | Dewey Decimal Classification |
| Koha item type | Books |
| Lost status | Source of classification or shelving scheme | Damaged status | Not for loan | Collection code | Permanent Location | Current Location | Shelving location | Date acquired | Source of acquisition | Cost, normal purchase price | Total Checkouts | Full call number | Date last seen | Copy number | Koha item type |
|---|---|---|---|---|---|---|---|---|---|---|---|---|---|---|---|
| Dewey Decimal Classification | Not For Loan | Non-fiction | Central Library, University of Rajshahi | Central Library, University of Rajshahi | Reading Room | 06/07/1997 | Ahashania mission book. | 1041.00 | 371.930941 COE 1995 | 10/04/2014 | C-1 | Books |